zpět

Detail výsledku týmu

MaxWilliam, Znojmo

Datum a čas kvízu

20 Celkem bodů Celkový počet nahraných bodů na tomto kvízu bez doplňovacích otázek.
8. Pořadí na kvízu Konečné umístění týmu na tomto kvízu.

Zaznamenané odpovědi

# Otázka Odpověď Body Výsledky
1. Krajský soud v Praze začal v ú... 1
2. Policisté provedli v minulých... 1
3. Americká spisovatelka Katherin... 0
4. Jak bylo minulý týden oznámeno... 0
5. Přiřaďte účastnice právě probí... 0
6. Zvíře jménem Mojžíš v Orwellov... 0
7. Kniha Volání divočiny se odehr... 1
8. Příběhy medvídka Pú pochází z... 0
9. O Knize džunglí jsme se v kvíz... 0
10. Lev, čarodějnice a skříň není... 0